000 00567nam a2200229Ia 4500
003 OSt
005 20220918205224.0
006 a|||||r|||| 00| 0
007 ta
008 220917b |||||||| |||| 00| 0 eng d
024 _a115,791
037 _cTextual
040 _aARTS
_cARTS
_beng
041 _2eng
_aeng
082 _aV61CM:1:N7, K8-;1
100 _aDe Blij Harm J
245 0 _aMombasa
_b an African city
260 _c1968
650 _aHISTORY
942 _hV61CM:1:N7, K8-;1
_cTEXL
_2CC
999 _c239120
_d239120